Films de Jacques Rivette par image - Statistiques

Statistiques générales
  • Ce quiz a été pris 7 fois
  • Le résultat moyen est 6 sur 16
Statistiques - réponses
Par images Réponse % Correct
Jeanne la Pucelle
100%
La Belle Noiseuse
71%
Céline et Julie vont en bateau
57%
Paris nous appartient
57%
La Bande des quatre
43%
L'Amour Fou
43%
Haut bas fragile
29%
Jean Renoir, le patron
29%
Le Pont du Nord
29%
Out 1
29%
Secret défense
29%
Suzanne Simonin, la Religieuse de Diderot
29%
Va savoir
29%
36 vues du pic Saint-Loup
14%
Ne touchez pas la hache
14%
L'Amour par terre
0%
Aucun quiz correspondant
Distribution des résultats
% des personnes avec chaque résultat
Percentile par nombre de réponses
Votre historique - résultats
Vous n’avez pas pris ce quiz